Central Library and Information Centre
Sibsagar Girls' College, Sivasagar : Assam
Normal view MARC view

Entry Personal Name

Number of records used in: 1

001 - CONTROL NUMBER

  • control field: 1110

003 - CONTROL NUMBER IDENTIFIER

  • control field: OSt

005 - DATE AND TIME OF LATEST TRANSACTION

  • control field: 20251120083433.0

008 - FIXED-LENGTH DATA ELEMENTS

  • fixed length control field: 251120|| aca||aabn | a|a d

040 ## - CATALOGING SOURCE

  • Original cataloging agency: OSt
  • Transcribing agency: OSt

100 ## - HEADING--PERSONAL NAME

  • Personal name: MALIK SAYED ABDUL

670 ## - SOURCE DATA FOUND

  • Source citation: Work cat.: (OSt)32197: MALIK SAYED ABDUL, BON JUI, 1958


Sibsagar Girl's College © 2020. All rights reserved.
Powered by Koha.
Maintained by Abhijit Borpuzari.